00557nam a2200193Ia 4500008004100000020001500041050001300056100001800069245002800087245001700115250001900132260002100151260002200172260000900194300001400203300002500217999001900242952010200261180207s9999 xx 000 0 und d a1564021696 bO73 1993 aOrmerod, Jan. aMidnight pillow fight / cJan Ormerod. aFirst edition. aMassachusettes : bCandlewick Press, c1993 aunpaged : bcolor illustration ; c355035d355035 001040aSSISMbSSISMd2018-02-07l0oER O73 1993pSSISM4580r2018-02-07 00:00:00w2018-02-07yBK